000 00339cam a22001217a 4500
008 180718b1976 xxu||||| |||| 00| 0 eng d
082 _aN12x54 Si64
100 _aSingh, Madan Paul
245 _aIndian army under the East Indian company
_cby Madan Paul Singh
260 _aDelhi
_bSterling
_c1976
300 _a268p.
650 _aArmy - India
999 _c353305
_d353305